| 000 | 00000nas 2200000za 4500 |
| 001 | 9.826244 |
| 003 | CaOODSP |
| 005 | 20221107144536 |
| 007 | cr ||||||||||| |
| 008 | 161024d19801986oncuu m|o f0###|0eng|d |
| 022 | |y0712-4465 |
| 040 | |aCaOODSP|beng |
| 043 | |an-cn--- |
| 086 | 1 |aEn73-4E-PDF |
| 086 | 1 |aEn73-4-PDF |
| 130 | 0 |aWorking paper (Canada. Lands Directorate) |
| 245 | 00|aWorking paper |h[electronic resource] / Lands Directorate. |
| 260 | |a[Ottawa] : |bLands Directorate, Environment Canada, |c1980-1986. |
| 362 | 0 |aNo. 1-50. |
| 500 | |aSome issues have parallel title : Document de travail. |
| 546 | |aSome issues have text in English and French. |
| 692 | 07|2gccst|aLand management |
| 710 | 1 |aCanada. |bLands Directorate. |
| 775 | 08|tDocument de travail |w(CaOODSP)9.830995 |